Statystyki dla Nazwy Polski 960-2019

Kliknij tutaj aby rozwiązać quiz!

Ogólne statystyki

  • Ten quiz został rozwiązany 231 razy
  • Średni wynik to 4 z 7

Statystyki odpowiedzi

LataNazwa% Poprawnych
1025-1569Królestwo Polskie
82%
1569-1795Rzeczpospolita Obojga Narodów
80%
1945-2019III Rzeczpospolita
65%
1918-1939II Rzeczpospolita
65%
960-1025Księstwo Polskie
57%
1815-1832Królestwo Kongresowe
17%
1807-1815Księstwo Mazowieckie
5%

Rozkład punktacji

Percentyl według liczby udzielonych odpowiedzi

Procent ludzi z każdym wynikiem

Twoja historia wyników

Nie rozwiązałeś tego quizu